Les joueurs passés par le Stade Rennais les plus chers - Statistiques

Statistiques générales
  • Ce quiz a été pris 360 fois
  • Le résultat moyen est 10 sur 15
Statistiques - réponses
VM la + élevée Nationalité Club actuel Joueur % Correct
90,00 mio. € Français Real Madrid Eduardo Camavinga
98%
120,00 mio. € Français Paris SG Ousmane Dembélé
98%
60,00 mio. € Belge Manchester City Jérémy Doku
93%
60,00 mio. € Brésilien FC Barcelone Raphinha
86%
50,00 mio. € Français Bayern Munich Mathys Tel
82%
50,00 mio. € Algérien Stade Rennais Amine Gouiri
78%
40,00 mio. € Guinéen VfB Stuttgart Serhou Guirassy
75%
30,00 mio. € Sénégalais Olympique de Marseille Ismaïla Sarr
74%
35,00 mio. € Marocain West-Ham United Nayef Aguerd
72%
40,00 mio. € Serbe Stade Rennais Nemanja Matic
69%
28,50 mio. € Tchèque Fin de carrière Petr Cech
65%
35,00 mio. € Français Stade Rennais Martin Terrier
60%
32,00 mio. € Sénégalais Al-Alhi SFC Edouard Mendy
56%
40,00 mio. € Français FC Lorient Tiemoué Bakayoko
25%
30,00 mio. € Français Konyaspor Steven Nzonzi
17%
Aucun quiz correspondant
Distribution des résultats
% des personnes avec chaque résultat
Percentile par nombre de réponses
Votre historique - résultats
Vous n’avez pas pris ce quiz